Elogio del amor. Frases (de un film)
Tallennettuna:
| Päätekijä: | |
|---|---|
| Muut tekijät: | |
| Aineistotyyppi: | Kirja |
| Kieli: | espanja |
| Julkaistu: |
Buenos Aires, Argentina
Interzona
2017
|
| Painos: | 1a.ed. |
| Aiheet: | |
| Tagit: |
Lisää tagi
Ei tageja, Lisää ensimmäinen tagi!
|
MARC
| LEADER | 00000cam a2200000 a 4500 | ||
|---|---|---|---|
| 001 | UCC8031 | ||
| 003 | CL-VaPUC | ||
| 005 | 20240321084322.0 | ||
| 008 | 190524e20170000ag |||||||||||||||||spa|d | ||
| 999 | |c 374479 |d 374477 | ||
| 020 | |a 9789873874499 | ||
| 040 | |c Pontificia Universidad Católica de Valparaíso | ||
| 082 | 0 | 4 | |a 841 GOD 2017 |2 21 |
| 100 | |a Godard, Jean-Luc |e author |9 858240 | ||
| 245 | 1 | 0 | |a Elogio del amor. |b Frases (de un film) |
| 250 | |a 1a.ed. | ||
| 260 | |a Buenos Aires, Argentina |b Interzona |c 2017 | ||
| 300 | |a 144 páginas | ||
| 583 | |a last modification |c 20190524 12:30:00 |k Rodrigo Vera | ||
| 650 | 0 | |a Poesía francesa |9 264947 | |
| 650 | 0 | |a Literatura francesa |9 266330 | |
| 700 | |a Battistón, Matías |e traductor |9 856704 | ||
| 852 | |a BIBART | ||
| 942 | |c BK |2 ddc | ||
| 945 | |d 20190524 12:30:00 |a dcastane | ||
| 952 | |0 0 |1 0 |3 erd |4 0 |6 841_000000000000000_GOD_2017 |7 0 |8 A |9 493036 |a BIBART |b BIBART |d 2019-05-17 |e 4 |g 12000.00 |i 5550068 |o 841 GOD 2017 |p 5550068 |r 2025-03-13 |v 12000.00 |w 2019-11-24 |y BK |z Catalogado en:20190524 |k ART | ||